| 000 | 01142nam0a22003371 4500 | ||
|---|---|---|---|
| 001 | GAK\3366887 | ||
| 005 | 20250626050317.0 | ||
| 010 |
_a5-260-00779-4 _bв пер. _dб.ц. _950000 |
||
| 021 |
_aRU _b94-19666 |
||
| 035 | _a(NLR Aleph) 011345991 | ||
| 090 |
_a11218224 _c11218224 |
||
| 100 | _a20170314d1994 |||y0rusy50 ca | ||
| 101 | 0 | _arus | |
| 102 | _aRU | ||
| 105 | _aa z|||||1|| | ||
| 200 | 1 |
_aГрибы _fФ.В. Федоров |
|
| 205 | _a4-е изд., стереотип. | ||
| 210 |
_aМосква _cИПФ "Россия" _d1994 |
||
| 215 |
_a365, [1] с. _cил. _d23 |
||
| 320 | _aУказатель русских названий грибов: с. 361-366 | ||
| 606 | 1 |
_aГрибные блюда _xРецептура _92084899 _3RU\NLR\AUTH\661260997 |
|
| 606 | 1 |
_aГрибы _9908649 _3RU\NLR\AUTH\6611758 |
|
| 686 | 0 |
_aЕ591.4 _2rubbk |
|
| 686 | 0 |
_aП241.988 _2rubbk |
|
| 686 | 0 |
_aР281.811.4 _2rubbk |
|
| 700 | 1 |
_aФедоров _bФ.В. _f1908-1991 _gФедор Владимирович |
|
| 801 | 0 |
_aRU _bNLR _c20170314 _gpsbo |
|
| 801 | 1 |
_aRU _bNLR _c20170314 _2rusmarc |
|
| 852 |
_aNLR _j94-5/1232 |
||
| 942 | _cBOOK | ||
| 980 | _aNB | ||